000 00912cab a2200277 4500
001 ABS52534
008 090401t1995 xxu||||| |||| 00| 0 eng d
035 _a(Sirsi) u83624
041 _aeng
100 _aPawlowski, M.
245 _aInterim rent applications
260 _c1995
350 _a0
490 _aRent Review & Lease Renewal
_v15(2) 1995, 28-35(8)
520 _aExplains county court procedure for interim rent applications and the court`s excercise of discretion before discussing the amount of rent and Law Commission proposals for reform. Case law. References.
650 _aCOUNTY COURTS
650 _aINTERIM RENTS
650 _aLANDLORD AND TENANT ACT 1954 S24A
650 _aLAW COMMISSION
650 _aLAW OF PROPERTY ACT 1969 S3(1)
650 _aPROCEDURE
650 _aREFORM
690 _aLANDLORD AND TENANT-BUSINESS TENANCIES
942 _n0
948 _c04/03/1997
999 _c52827
_d52827